Mots: nourriture en H-(I)-J-K (EN --> FR) - Statistiques

Statistiques générales
  • Ce quiz a été pris 84 fois
  • Le résultat moyen est 8 sur 9
Statistiques - réponses
Hint Réponse % Correct
Oil Huile
96%
Juice Jus
96%
Kiwi Kiwi
96%
Ketchup Ketchup
95%
Burger Hamburger
89%
Bean Haricot
89%
Ham Jambon
88%
Lobster Homard
53%
Oyster Huitre
51%
Aucun quiz correspondant
Distribution des résultats
% des personnes avec chaque résultat
Percentile par nombre de réponses
Votre historique - résultats
Vous n’avez pas pris ce quiz